Mechanics of materials

For the past forty years Beer and Johnston have been the uncontested leaders in the teaching of undergraduate engineering mechanics. Their careful presentation of content, unmatched levels of accuracy, and attention to detail have made their texts the standard for excellence. The revision of their c...

Full beskrivning

Sparad:
Bibliografiska uppgifter
Huvudupphovsman: Beer, Ferdinand Pierre
Materialtyp: Bok
Språk:Undetermined
Publicerad: Boston McGraw-Hill Higher Education 2006
Ämnen:
Taggar: Lägg till en tagg
Inga taggar, Lägg till första taggen!
Thư viện lưu trữ: Trung tâm Học liệu Trường Đại học Cần Thơ
LEADER 01038nam a2200205Ia 4500
001 CTU_164787
008 210402s9999 xx 000 0 und d
020 |c 137.75 
082 |a 620.112 
082 |b B415/4th 
100 |a Beer, Ferdinand Pierre 
245 0 |a Mechanics of materials 
245 0 |c Ferdinand P. Beer, E. Russell Johnston, Jr., John T. DeWolf 
260 |a Boston 
260 |b McGraw-Hill Higher Education 
260 |c 2006 
520 |a For the past forty years Beer and Johnston have been the uncontested leaders in the teaching of undergraduate engineering mechanics. Their careful presentation of content, unmatched levels of accuracy, and attention to detail have made their texts the standard for excellence. The revision of their classic Mechanics of Materials features an updated art and photo program as well as numerous new and revised homework problems 
650 |a Strength of materials,Sức bền vật liệu 
910 |a Nguyên 
980 |a Trung tâm Học liệu Trường Đại học Cần Thơ